000 01531cam a22004454i 4500
003 PE-LiUPU
005 20250731172947.0
008 150623s r 000 0 d
020 _a9004096795
035 _a(Sirsi) i9789004096790
040 _aPE-LiUPU
_bspa
_cPE-LiUPU
_erda
049 _aPRUA
082 0 4 _a296.155
_bD582d
_223
100 1 _aDimant, Devorah,
_eautor.
245 1 4 _aThe Dead Sea Scrolls :
_bforty years of research /
_cDevorah Dimant.
264 1 _aJerusalem :
_bThe Magnes Press, The Hebrew University,
_c1992.
300 _a370 páginas :
_bilustraciones láms. ;
_c25 centímetros.
336 _atext
_2rdacontent
337 _aunmediated
_2rdamedia
338 _avolume
_2rdacarrier
490 0 _a(Studies on the texts of the desert of Judah ;
_v10)
504 _aIncluye bibliografía.
505 0 _aTexts and texts studies. -The history of the Qumran Community. -Halakha at Qumran. -Qumran and the New Testament. -The Hebrew of the Dead Sea Scrolls.
526 _aSEG42
526 _aSEG41
526 _aSEG40
526 _aSEG39
526 _aP94
526 _aP87
526 _aP86
526 _aP85
526 _aP77
526 _aP76
526 _aP35
650 0 4 _aManuscritos del mar muerto
_xCrítica, interpretación, etc.
942 _2ddc
_cBK
_n0
949 _a296.155 D582d
_wDEWEY
_c1
_i44800
_lCCODEBUL1
_mBUL
_r0
_sY
_tBOOK
_u2015-6-24
_xTEOLOGIA
_0COMPRA
_o.STAFF. Colección General
980 _81
_gALBERTO SANCHEZ Responsable de Automatización
999 _c21669
_d21669